Lineamientos de un programa mínimo de urgencia para enfrentar las consecuencias de la agresión económica/
Պահպանված է:
| Ձևաչափ: | Գիրք |
|---|---|
| Լեզու: | Spanish |
| Խորագրեր: | |
| Ցուցիչներ: |
Ավելացրեք ցուցիչ
Չկան պիտակներ, Եղեք առաջինը, ով նշում է այս գրառումը!
|
MARC
| LEADER | 00000nam a22000007a 4500 | ||
|---|---|---|---|
| 003 | cru CIDCACS/IIS | ||
| 005 | 20230804062553.0 | ||
| 008 | 200730s1988 pn |||p|r|||| 00| ||spa|d | ||
| 040 | |c cru CIDCACS/IIS | ||
| 245 | 1 | |a Lineamientos de un programa mínimo de urgencia para enfrentar las consecuencias de la agresión económica/ |c Universidad de Panamá. Instituto de Estudios Nacionales | |
| 300 | |a 12 páginas | ||
| 650 | 4 | |a POLITICA FINANCIERA |9 2657 | |
| 650 | 0 | |9 2142 |a DESARROLLO ECONOMICO | |
| 650 | 4 | |9 1935 |a RECESION ECONOMICA | |
| 942 | |2 ddc |c PP | ||
| 999 | |c 43934 |d 43934 | ||
| 773 | 0 | |0 43279 |9 6260 |a Universidad de Panamá. |d Panamá: Universidad de Panamá. Instituto de Estudios Nacionales |o MFN: 1004.1 |t Documentos de lineamientos para un programa mínimo de urgenica/ | |
